| 000 | 01087cam a22003137a 4500 | ||
|---|---|---|---|
| 003 | CHAP | ||
| 005 | 20220329142655.0 | ||
| 008 | 010926s2000 mx r 00010 spa d | ||
| 010 | _a86331 | ||
| 011 | _a87303 | ||
| 035 | _a97846 | ||
| 040 | _cCHAP | ||
| 082 | 0 | 4 |
_a634.0913 _bS3 |
| 100 | 0 | 0 |
_aSauri Duch, Enrique. _9102761 |
| 245 | 1 | 0 |
_aFrutas exóticas de la Península de Yucatán _c/por Enrique Sauri Duch |
| 260 |
_aMéxico : _bConsejo Nacional del Sistema de Educación Tecnológica, _c2001. |
||
| 300 |
_a109 p. : _bilus. ; cuadros |
||
| 590 |
_aBATCH-UPD _b10 _c20130110 _lUCH01 _h0622 |
||
| 590 |
_aBATCH-UPD _b10 _c20130410 _lUCH01 _h0305 |
||
| 590 |
_aBATCH-UPD _b10 _c20130914 _lUCH01 _h1448 |
||
| 590 |
_aCONVERSION _b10 _c20130109 _lUCH01 _h1348 |
||
| 650 | 0 | 4 |
_aFruticultura _xTrópicos. _943755 |
| 650 | 0 | 4 |
_aFruticultura _zYucatán. _943765 |
| 901 | _aBK | ||
| 905 | _aAlejandra Carrasco M. | ||
| 942 | _cLIBRO | ||
| 949 |
_a634.0913 S3 _bBC _cLIBRO _d33724000877908 _eLIBRO _fc.2 _h103058 _i97846 _si |
||
| 949 |
_a634.0913 S3 _bBC _cLIBRO _d33724000877973 _eLIBRO _h103057 _i97846 _si |
||
| 999 |
_c86331 _d86331 |
||